| 000 | 00558 a2200169 4500 | ||
|---|---|---|---|
| 020 | _a0387377425 | ||
| 020 | _a9780387377421 | ||
| 082 | _a530.12 | ||
| 090 |
_c1332 _d1332 |
||
| 100 | 1 | _aBasdevant, Jean-Louis. | |
| 245 | 1 | 0 |
_aLectures on quantum mechanics / _cJean-Louis Basdevant. |
| 260 |
_a[S.l.] : _bSpringer, _c2007. |
||
| 300 |
_a328 p. ; _c24 cm. |
||
| 700 | _aBasdevant, Jean-Louis. | ||
| 942 |
_aSNS _cBK _k530.12 BAS |
||
| 999 |
_c29945 _d29945 |
||